000 00492nam a2200145 a 4500
001 000025691
005 20200930023957.0
008 110221s1995 dr 000 0 spa d
040 _aDO-SdBNP
_bspa
_cBNPHU
100 1 _aGallardo Rivas, Gina
_952463
245 1 0 _aBuscando la vida :
_bdominicanas en el servicio domestico en Madrid /
_cGina Gallardo Rivas.
260 _aSanto Domingo :
_bCentro de Investigación para la Acción Femenina,
_c1995.
300 _a168 p. ;
_c20 cm.
049 _aBNPD
999 _c25183
_d25183